Capital social comunicativo (Record no. 9892)

MARC details
000 -LEADER
campo de control de longitud fija 00376nam a2200145Ia 4500
001 - NÚMERO DE CONTROL
campo de control 3841
008 - DATOS DE LONGITUD FIJA--INFORMACIÓN GENERAL
campo de control de longitud fija 241024s9999 xx 000 0 und d
020 ## - NÚMERO INTERNACIONAL ESTÁNDAR DEL LIBRO
Número Internacional Estándar del Libro 978-9945-415-57-5
082 ## - NÚMERO DE LA CLASIFICACIÓN DECIMAL DEWEY
Número de clasificación RD/303/M623c
100 ## - ENTRADA PRINCIPAL--NOMBRE DE PERSONA
Nombre de persona Jesús Elias Michelén
245 #0 - MENCIÓN DEL TÍTULO
Título Capital social comunicativo
260 ## - PUBLICACIÓN, DISTRIBUCIÓN, ETC.
Nombre del editor, distribuidor, etc. Editora Amigo del Hogar
Fecha de publicación, distribución, etc. 2014
901 ## - ELEMENTOS DE DATOS A LOCAL LDA (RLIN)
a 29/10/2014 9:44:03 a.m.

No items available.

© 2024. Todos los Derechos Reservados. Desarrollado por IDEICE